[Event "Online Olym Top DivD 2021"]
[Site "chess.com INT"]
[Date "2021.09.09"]
[Round "5.2"]
[Board "6"]
[White "Caballero Quijano, Mitzy Mishell"]
[Black "Malicka, Maria"]
[Result "0-1"]
[WhiteTitle "WIM"]
[BlackTitle "FM"]
[WhiteElo "1996"]
[BlackElo "2311"]
[WhiteTeam "Peru"]
[BlackTeam "Poland"]
[WhiteFideId "3807223"]
[BlackFideId "1197576"]
[EventDate "2021.09.08"]
[EventType "team"]

1. d4 Nf6 2. Nf3 e6 3. e3 c5 4. Bd3 b6 5. O-O Bb7 6. c4 Be7 7. Nc3 O-O 8. d5
exd5 9. cxd5 d6 10. e4 Nbd7 11. Nd2 Ne5 12. Be2 Re8 13. f4 Ng6 14. a4 a6 15. Qc2
Nd7 16. Nc4 Qc7 17. Bf3 Bf6 18. Be3 Bxc3 19. Qxc3 b5 20. Nd2 Nh4 21. b3 Nxf3+
22. Rxf3 f5 23. Rg3 Re7 24. exf5 Rf8 25. axb5 axb5 26. Qd3 Nf6 27. Qxb5 Nxd5 28.
Qd3 Qc6 29. Nc4 Rfe8 30. Na5 Qb6 31. Nxb7 Qxb7 32. Bd2 Kh8 33. Rf1 Nf6 34. Re3
d5 35. Rxe7 Rxe7 36. h3 h6 37. Rc1 Ne4 38. Be3 d4 39. Bf2 Qd5 40. f6 gxf6 41.
Bh4 Kg7 42. Qc4 Qf5 43. Qf1 Nc3 44. Re1 Rxe1 45. Qxe1 Qxf4 46. Qe7+ Kg6 47. Qe8+
Kg7 48. Qe7+ Kg6 49. Qe8+ Kf5 50. Qh5+ Ke4 51. Qe8+ Kd3 52. Qg6+ f5 53. Bg3 Ne2+
54. Kh2 Qxg3+ 55. Qxg3+ Nxg3 56. Kxg3 Ke3 57. Kh4 d3 58. Kh5 d2 0-1

[Event "Online Olym Top DivD 2021"]
[Site "chess.com INT"]
[Date "2021.09.09"]
[Round "5.3"]
[Board "1"]
[White "Xiong, Jeffery"]
[Black "Gokerkan, Cem Kaan"]
[Result "1-0"]
[WhiteTitle "GM"]
[BlackTitle "IM"]
[WhiteElo "2700"]
[BlackElo "2465"]
[WhiteTeam "United States of America"]
[BlackTeam "Turkey"]
[WhiteFideId "2047640"]
[BlackFideId "6336760"]
[EventDate "2021.09.08"]
[EventType "team"]

1. d4 Nf6 2. Nf3 d5 3. Bf4 e6 4. e3 Bd6 5. Nbd2 O-O 6. Bd3 c5 7. dxc5 Bxc5 8.
O-O Nc6 9. c4 Re8 10. Rc1 Bf8 11. Bg3 e5 12. cxd5 Nxd5 13. Qe2 Nf4 14. exf4 exf4
15. Bh4 Rxe2 16. Bxd8 Rxd2 17. Nxd2 Nxd8 18. Nf3 Ne6 19. Rfd1 g6 20. Be4 Bg7 21.
Rc2 Kf8 22. h4 h6 23. Rdc1 Bd7 24. Bxb7 Rb8 25. Bc8 Be8 26. Bxe6 fxe6 27. b3 a5
28. Rc8 Rb5 29. Ra8 Ke7 30. Rc7+ Bd7 31. Rxd7+ 1-0

[Event "Online Olym Top DivD 2021"]
[Site "chess.com INT"]
[Date "2021.09.09"]
[Round "5.3"]
[Board "2"]
[White "Yurtseven, Melih"]
[Black "Swiercz, Dariusz"]
[Result "1/2-1/2"]
[WhiteTitle "IM"]
[BlackTitle "GM"]
[WhiteElo "2414"]
[BlackElo "2647"]
[WhiteTeam "Turkey"]
[BlackTeam "United States of America"]
[WhiteFideId "6312160"]
[BlackFideId "1126881"]
[EventDate "2021.09.08"]
[EventType "team"]

1. d4 Nf6 2. c4 e6 3. Nc3 Bb4 4. Qc2 d5 5. cxd5 exd5 6. Bf4 O-O 7. e3 c6 8. Bd3
Re8 9. Ne2 Nbd7 10. a3 Ba5 11. O-O Nf8 12. b4 Bc7 13. b5 Bd7 14. a4 Ne6 15. Be5
g6 16. Bxc7 Qxc7 17. bxc6 bxc6 18. Rfc1 Qd6 19. a5 Ng4 20. Ng3 f5 21. Nce2 f4
22. Bxg6 fxg3 23. Nxg3 Re7 24. Bh5 Nh6 25. Rab1 Ng7 26. Be2 Rf8 27. Rb7 Be8 28.
a6 Nhf5 29. Bd3 Nxg3 30. Bxh7+ Kh8 31. hxg3 Ne6 32. Bd3 Kg7 33. Qd1 Rf6 34. Rcb1
Nd8 35. Qg4+ Bg6 36. Rxe7+ Qxe7 37. Rb8 Kf7 38. Bxg6+ Rxg6 39. Qf5+ Kg7 40. Qc8
Nf7 41. Kf1 Qe4 42. Qf8+ Kf6 43. Rb7 Qd3+ 44. Ke1 Qc3+ 45. Ke2 Qc2+ 46. Ke1 Qc1+
47. Ke2 Qc2+ 48. Ke1 Qc3+ 49. Ke2 Qc4+ 50. Ke1 Qc1+ 51. Ke2 Qc2+ 1/2-1/2

[Event "Online Olym Top DivD 2021"]
[Site "chess.com INT"]
[Date "2021.09.09"]
[Round "5.3"]
[Board "4"]
[White "Kocyigit, Buse Naz"]
[Black "Paikidze, Nazi"]
[Result "0-1"]
[WhiteTitle "WFM"]
[BlackTitle "IM"]
[WhiteElo "2034"]
[BlackElo "2374"]
[WhiteTeam "Turkey"]
[BlackTeam "United States of America"]
[WhiteFideId "6380840"]
[BlackFideId "13603620"]
[EventDate "2021.09.08"]
[EventType "team"]

1. Nf3 Nf6 2. d4 d5 3. c4 c6 4. Nc3 e6 5. e3 Nbd7 6. Qc2 Bd6 7. Be2 O-O 8. O-O
dxc4 9. a4 e5 10. Bxc4 Qe7 11. h3 h6 12. Bb3 Re8 13. Nh4 Nf8 14. Nf5 Qd7 15.
Nxd6 Qxd6 16. dxe5 Qxe5 17. f4 Qc5 18. Kh2 Bf5 19. Qf2 Rad8 20. Bd2 Qb6 21. Ra3
N8d7 22. a5 Qc7 23. Rg1 Nc5 24. Bc1 Nd3 25. Qf3 Nxc1 26. Rxc1 Qe7 27. Re1 Rd2
28. Ra4 Rxb2 29. Bd1 Ng4+ 30. hxg4 Qh4+ 31. Qh3 Qxe1 32. gxf5 Qxc3 33. Bf3 Rxe3 0-1

[Event "Online Olym Top DivD 2021"]
[Site "chess.com INT"]
[Date "2021.09.09"]
[Round "5.3"]
[Board "5"]
[White "Liang, Awonder"]
[Black "Celik, Hasan Huseyin"]
[Result "1/2-1/2"]
[WhiteTitle "GM"]
[BlackTitle "FM"]
[WhiteElo "2590"]
[BlackElo "2370"]
[WhiteTeam "United States of America"]
[BlackTeam "Turkey"]
[WhiteFideId "2056437"]
[BlackFideId "44506759"]
[EventDate "2021.09.08"]
[EventType "team"]

1. Nf3 d5 2. c4 c6 3. e3 Nf6 4. Nc3 e6 5. Qc2 Bd6 6. b3 O-O 7. Bb2 e5 8. cxd5
cxd5 9. Nb5 Nc6 10. Nxd6 Qxd6 11. Be2 Bg4 12. h3 Bh5 13. Qf5 Rfe8 14. Bb5 Bg6
15. Qg5 Ne4 16. Qh4 f6 17. O-O a6 18. Bxc6 Qxc6 19. Rac1 Qb5 20. Qg4 Qa5 21. Qd7
Red8 22. Qxb7 Qxa2 23. Rc7 Rab8 24. Qa7 Ra8 25. Qb7 Rab8 26. Qa7 Ra8 27. Rxg7+
Kh8 28. Qb7 Rab8 29. Qc7 Rbc8 30. Qa7 Ra8 31. Qb7 Rab8 32. Qa7 Ra8 1/2-1/2

[Event "Online Olym Top DivD 2021"]
[Site "chess.com INT"]
[Date "2021.09.09"]
[Round "5.3"]
[Board "6"]
[White "Duran, Esma Doga"]
[Black "Cervantes Landeiro, Thalia"]
[Result "1/2-1/2"]
[WhiteTitle "WFM"]
[BlackTitle "FM"]
[WhiteElo "1976"]
[BlackElo "2175"]
[WhiteTeam "Turkey"]
[BlackTeam "United States of America"]
[WhiteFideId "6390196"]
[BlackFideId "3520498"]
[EventDate "2021.09.08"]
[EventType "team"]

1. d4 Nf6 2. c4 g6 3. Nf3 Bg7 4. g3 d5 5. Bg2 O-O 6. O-O dxc4 7. Qa4 a6 8. Qxc4
b5 9. Qc2 Bb7 10. Nc3 Nbd7 11. a3 Qc8 12. b4 Re8 13. e4 e5 14. dxe5 Ng4 15. Nd5
Ngxe5 16. Nxe5 Nxe5 17. Bb2 Bxd5 18. exd5 Rb8 19. f4 Nc4 20. Bxg7 Kxg7 21. Qc3+
Kg8 22. f5 Ne3 23. fxg6 hxg6 24. Rf4 Nxg2 25. Kxg2 Re2+ 26. Rf2 Rxf2+ 27. Kxf2
Qh3 28. Kg1 Re8 29. Re1 Rxe1+ 30. Qxe1 Qf5 31. Qe8+ Kg7 32. Qc6 Qb1+ 33. Kg2
Qe4+ 34. Kf2 Qd4+ 35. Kg2 Qe4+ 36. Kf2 Qd4+ 37. Kg2 Qe4+ 1/2-1/2

[Event "Online Olym Top DivD 2021"]
[Site "chess.com INT"]
[Date "2021.09.09"]
[Round "5.4"]
[Board "3"]
[White "Burtasova, Anna"]
[Black "Head, Louise"]
[Result "1-0"]
[WhiteTitle "WGM"]
[BlackTitle "WFM"]
[WhiteElo "2261"]
[BlackElo "2090"]
[WhiteTeam "Canada"]
[BlackTeam "England"]
[WhiteFideId "4150740"]
[BlackFideId "424773"]
[EventDate "2021.09.08"]
[EventType "team"]

1. e4 c6 2. d4 d5 3. exd5 cxd5 4. c4 Nf6 5. Nc3 e6 6. Nf3 Be7 7. Bd3 dxc4 8.
Bxc4 O-O 9. O-O Nc6 10. Be3 Nb4 11. Ne5 Nbd5 12. Bd3 Qa5 13. Qd2 Rd8 14. Rac1
Nxc3 15. bxc3 Bd7 16. Rb1 Qc7 17. Nxd7 Rxd7 18. c4 Ng4 19. g3 Nxe3 20. fxe3 Bg5
21. Qe2 g6 22. Be4 Rb8 23. Rb5 Bh6 24. c5 Qd8 25. Qf3 Qg5 26. Rb3 b6 27. c6 Rc7
28. d5 f5 29. d6 Rf7 30. Bc2 e5 31. Qd5 f4 32. c7 Rf8 33. exf4 exf4 34. Qxg5
Bxg5 35. Rd3 Kg7 36. d7 fxg3 37. Rxf7+ Rxf7 38. c8=Q gxh2+ 39. Kxh2 Bf4+ 40. Kg2 1-0

[Event "Online Olym Top DivD 2021"]
[Site "chess.com INT"]
[Date "2021.09.09"]
[Round "5.4"]
[Board "4"]
[White "Varney, Zoe"]
[Black "Ouellet, Maili-Jade"]
[Result "0-1"]
[WhiteTitle "WCM"]
[BlackTitle "WGM"]
[WhiteElo "1917"]
[BlackElo "2254"]
[WhiteTeam "England"]
[BlackTeam "Canada"]
[WhiteFideId "436135"]
[BlackFideId "2620472"]
[EventDate "2021.09.08"]
[EventType "team"]

1. e4 c5 2. Nf3 d6 3. d4 cxd4 4. Nxd4 Nf6 5. Nc3 a6 6. Be3 e5 7. Nb3 Be6 8. f3
Be7 9. Qd2 h5 10. O-O-O Nbd7 11. Kb1 Rc8 12. Nd5 Bxd5 13. exd5 Nb6 14. Bxb6 Qxb6
15. Be2 O-O 16. h3 h4 17. g4 hxg3 18. Rhg1 Nh5 19. Bd3 f5 20. f4 Qf2 21. fxe5
dxe5 22. d6 Bh4 23. Be2 Nf4 24. d7 Rcd8 25. Bc4+ Kh8 26. Qa5 b5 27. Rgf1 Qh2 28.
Rh1 Qg2 29. Rhg1 Qc6 30. Bf1 g2 31. Bd3 Nxh3 32. Qd2 Nxg1 33. Rxg1 Rxd7 34. Qd1
e4 35. Qh5+ Qh6 36. Qxh6+ gxh6 37. Be2 Rg7 38. Nd4 Bf2 39. Ne6 Bxg1 40. Nxf8 Bc5 0-1

[Event "Online Olym Top DivD 2021"]
[Site "chess.com INT"]
[Date "2021.09.09"]
[Round "5.4"]
[Board "6"]
[White "Kalaiyalahan, Akshaya"]
[Black "Demchenko, Svitlana"]
[Result "1-0"]
[WhiteTitle "FM"]
[BlackTitle "WIM"]
[WhiteElo "2149"]
[BlackElo "2285"]
[WhiteTeam "England"]
[BlackTeam "Canada"]
[WhiteFideId "422894"]
[BlackFideId "14149893"]
[EventDate "2021.09.08"]
[EventType "team"]

1. Nf3 Nf6 2. g3 g6 3. Bg2 Bg7 4. d4 d6 5. c4 Nbd7 6. Nc3 O-O 7. O-O e5 8. e4 c6
9. dxe5 dxe5 10. Qc2 Qe7 11. b3 Re8 12. Bb2 Nf8 13. h3 Nh5 14. Rfe1 g5 15. Nd1
g4 16. hxg4 Bxg4 17. Ne3 Bxf3 18. Bxf3 Qg5 19. Bxh5 Qxh5 20. Kg2 Ne6 21. Rh1 Qg6
22. Nf5 Rad8 23. Rh4 Bf6 24. Rh6 Qg5 25. Bc1 Nf4+ 26. Kf1 Qg4 27. Bxf4 exf4 28.
Rxf6 Qh3+ 29. Kg1 Re6 30. Rd1 Rde8 31. Qc3 Re5 32. Qxe5 Rf8 33. Rg6+ 1-0

[Event "Online Olym Top DivD 2021"]
[Site "chess.com INT"]
[Date "2021.09.09"]
[Round "5.5"]
[Board "2"]
[White "Van den Doel, Erik"]
[Black "Diamant, Andre"]
[Result "0-1"]
[WhiteTitle "GM"]
[BlackTitle "GM"]
[WhiteElo "2599"]
[BlackElo "2542"]
[WhiteTeam "Netherlands"]
[BlackTeam "Brazil"]
[WhiteFideId "1003720"]
[BlackFideId "2108356"]
[EventDate "2021.09.08"]
[EventType "team"]

1. d4 d5 2. Nf3 Nf6 3. Bf4 Bf5 4. e3 e6 5. c4 Bxb1 6. Qxb1 Bb4+ 7. Kd1 Bd6 8.
Bg5 Nbd7 9. c5 Be7 10. Qc2 Ne4 11. Bf4 O-O 12. h4 c6 13. Bd3 f5 14. Ke2 Bf6 15.
b4 a6 16. g3 Qe8 17. Ne5 Bxe5 18. dxe5 a5 19. a3 axb4 20. axb4 Qh5+ 21. f3 Rxa1
22. Rxa1 g5 23. Bxg5 Nxg5 24. hxg5 Qh2+ 25. Ke1 Qg1+ 26. Bf1 Qxe3+ 27. Be2 Qg1+
28. Bf1 Qxg3+ 29. Kd2 Qf4+ 0-1

[Event "Online Olym Top DivD 2021"]
[Site "chess.com INT"]
[Date "2021.09.09"]
[Round "5.5"]
[Board "3"]
[White "Terao, Juliana Sayumi"]
[Black "Peng, Zhaoqin"]
[Result "1/2-1/2"]
[WhiteTitle "FM"]
[BlackTitle "GM"]
[WhiteElo "2252"]
[BlackElo "2359"]
[WhiteTeam "Brazil"]
[BlackTeam "Netherlands"]
[WhiteFideId "2109220"]
[BlackFideId "1004786"]
[EventDate "2021.09.08"]
[EventType "team"]

1. e4 c6 2. d4 d5 3. e5 c5 4. dxc5 e6 5. Be3 Ne7 6. c3 Nf5 7. Bd4 Qc7 8. b4 Nd7
9. Nf3 b6 10. cxb6 axb6 11. Bb5 Be7 12. O-O O-O 13. Re1 Nxd4 14. Qxd4 f6 15.
exf6 Bxf6 16. Qe3 Re8 17. a4 e5 18. Nbd2 Bb7 19. Rac1 Re7 20. h3 Nf8 21. Nh2 h6
22. Qg3 e4 23. Qxc7 Rxc7 24. c4 Bg5 25. Nhf1 Rac8 26. Rcd1 dxc4 27. Nxe4 Bxe4
28. Rxe4 c3 29. Ne3 Ng6 30. g3 c2 31. Rc1 Bxe3 32. Rxe3 Rc3 33. Re2 Kf7 34. a5
bxa5 35. bxa5 R8c5 36. Ba4 Rxa5 37. Rcxc2 Rxc2 38. Bxc2 Kf6 39. f4 Ra2 40. Kf2
Ne7 41. Bb3 Rxe2+ 42. Kxe2 g5 43. Kf3 Nf5 44. Bc4 Nxg3 45. Kxg3 gxf4+ 46. Kxf4
Kg7 47. h4 Kg6 48. Kg4 Kg7 49. Kh5 Kh7 50. Bd5 Kg7 51. Be4 Kh8 52. Kxh6 Kg8 53.
h5 Kh8 54. Kg5 Kg8 1/2-1/2

[Event "Online Olym Top DivD 2021"]
[Site "chess.com INT"]
[Date "2021.09.09"]
[Round "5.5"]
[Board "4"]
[White "Ratsma, Rosa"]
[Black "Alboredo, Julia"]
[Result "0-1"]
[WhiteTitle "WIM"]
[BlackTitle "WFM"]
[WhiteElo "2306"]
[BlackElo "2183"]
[WhiteTeam "Netherlands"]
[BlackTeam "Brazil"]
[WhiteFideId "1033662"]
[BlackFideId "2124807"]
[EventDate "2021.09.08"]
[EventType "team"]

1. e4 c5 2. Nf3 d6 3. d4 cxd4 4. Nxd4 Nf6 5. Nc3 Nc6 6. Bg5 e6 7. Qd2 a6 8.
O-O-O Bd7 9. f3 Nxd4 10. Qxd4 Be7 11. Be3 h5 12. Be2 Qc7 13. g3 b5 14. Rd2 Bc6
15. a3 Nd7 16. Nd1 d5 17. exd5 Bxd5 18. Bf4 Qb7 19. Nc3 Bf6 20. Qe3 Nb6 21. Be5
Bxe5 22. Qxe5 f6 23. Qe3 O-O-O 24. Nxd5 exd5 25. Qf4 Qc7 26. Qxc7+ Kxc7 27. b3
h4 28. g4 Rhe8 29. Rhd1 Re3 30. Rf1 Nd7 31. f4 Nc5 32. Bf3 d4 33. Kb2 Ne6 34.
Bh1 d3 35. Rfd1 Nxf4 36. a4 bxa4 37. bxa4 Rb8+ 38. Ka2 Ne2 39. Rxd3 Nc3+ 40.
Rxc3+ Rxc3 41. Rd2 Rb4 42. Bd5 Rxa4+ 43. Kb2 Rc5 44. Be6 Rb4+ 45. Ka3 Rb6 46.
Rd7+ Kc6 47. Rd4 Ra5+ 48. Ra4 Rxa4+ 49. Kxa4 Kc5 50. Bf5 Rb1 51. c3 Ra1+ 52. Kb3
Rh1 53. Bd3 a5 54. Ka4 Rxh2 0-1

[Event "Online Olym Top DivD 2021"]
[Site "chess.com INT"]
[Date "2021.09.09"]
[Round "5.5"]
[Board "5"]
[White "Labussiere, Victor"]
[Black "Van Dael, Siem"]
[Result "1-0"]
[WhiteTitle "FM"]
[BlackTitle "FM"]
[WhiteElo "2291"]
[BlackElo "2370"]
[WhiteTeam "Brazil"]
[BlackTeam "Netherlands"]
[WhiteFideId "2183129"]
[BlackFideId "1049771"]
[EventDate "2021.09.08"]
[EventType "team"]

1. Nf3 Nf6 2. c4 g6 3. Nc3 Bg7 4. e4 d6 5. d4 O-O 6. Be2 e5 7. d5 Nbd7 8. Bg5 h6
9. Bh4 g5 10. Bg3 Nh5 11. Nd2 Nf4 12. O-O f5 13. exf5 Nf6 14. Nde4 Bxf5 15. Bf3
Kh8 16. Nxf6 Qxf6 17. Be4 Bxe4 18. Nxe4 Qg6 19. Re1 h5 20. f3 Rf7 21. Rc1 b6 22.
Qc2 Bh6 23. Nf2 Qg7 24. h3 Ng6 25. Rcd1 Ne7 26. Bh2 Nf5 27. Qe4 Rg8 28. b4 Nh4
29. Qe2 Rgf8 30. Ne4 Qg6 31. c5 Rg7 32. Nf2 Nf5 33. Qe4 Qf7 34. a4 a5 35. cxd6
cxd6 36. b5 Nd4 37. Rxd4 exd4 38. Qxd4 Re8 39. Rxe8+ Qxe8 40. Ne4 Qg6 41. g4
hxg4 42. hxg4 Kg8 43. Bxd6 Rf7 44. Kg2 Bg7 45. Be5 Bxe5 46. Qxe5 Qg7 47. Qb8+
Rf8 48. Qxb6 Qb2+ 49. Qf2 Qe5 50. Qd2 Rd8 51. d6 Rd7 52. Qc2 Kf7 53. Qc4+ Kg7
54. Qc2 Rf7 55. b6 Qd5 56. Qc3+ Kg6 57. Qc2 Kg7 58. Qb2+ Kg6 59. Qe2 Qb3 60. Nc5
Qd5 61. Qe4+ Qxe4 62. fxe4 Rf8 63. b7 Kf7 64. Na6 Ke6 65. b8=Q Rxb8 66. Nxb8
Kxd6 67. Kf3 1-0

[Event "Online Olym Top DivD 2021"]
[Site "chess.com INT"]
[Date "2021.09.09"]
[Round "5.5"]
[Board "6"]
[White "Roebers, Eline"]
[Black "Frattini, Beatriz Maria"]
[Result "1/2-1/2"]
[BlackTitle "WCM"]
[WhiteElo "2297"]
[BlackElo "1847"]
[WhiteTeam "Netherlands"]
[BlackTeam "Brazil"]
[WhiteFideId "1058401"]
[BlackFideId "22715002"]
[EventDate "2021.09.08"]
[EventType "team"]

1. e4 c5 2. Nf3 e6 3. d4 cxd4 4. Nxd4 Nf6 5. Nc3 d6 6. g4 h6 7. h4 Nc6 8. Rg1 d5
9. exd5 Nxd5 10. Nxd5 Qxd5 11. Be3 Nxd4 12. Bxd4 e5 13. Bc3 Qe4+ 14. Qe2 Qxe2+
15. Bxe2 f6 16. Bd3 Be6 17. Bg6+ Bf7 18. Bxf7+ Kxf7 19. O-O-O Ke6 20. f4 Bd6 21.
Rge1 Rad8 22. Rd3 Rhe8 23. Rde3 Kf7 24. fxe5 Bxe5 25. Bxe5 Rxe5 26. Rxe5 fxe5
27. c3 Ke6 28. Kc2 Rf8 29. Re2 Rf3 30. h5 Rg3 31. Re4 Kd5 32. Rb4 b6 33. Kd2 e4
34. Rd4+ Ke5 35. Rd7 Rxg4 36. Rxa7 Rg2+ 37. Ke3 Rg5 38. Re7+ Kd6 39. Rf7 Ke5 40.
Re7+ Kd6 41. Rf7 Ke5 42. Re7+ 1/2-1/2

[Event "Online Olym Top DivD 2021"]
[Site "chess.com INT"]
[Date "2021.09.09"]
[Round "6.1"]
[Board "1"]
[White "Arenas, David"]
[Black "Van Foreest, Jorden"]
[Result "1-0"]
[WhiteTitle "GM"]
[BlackTitle "GM"]
[WhiteElo "2455"]
[BlackElo "2691"]
[WhiteTeam "Colombia"]
[BlackTeam "Netherlands"]
[WhiteFideId "4403177"]
[BlackFideId "1039784"]
[EventDate "2021.09.08"]
[EventType "team"]

1. e4 c5 2. Nf3 d6 3. Nc3 a6 4. g3 g6 5. Bg2 Bg7 6. d4 cxd4 7. Nxd4 Nc6 8. Nde2
Bd7 9. a4 Nf6 10. O-O Qc8 11. Nf4 Nb4 12. h3 h6 13. Kh2 O-O 14. Be3 Qc4 15. Qd2
Rac8 16. Nd3 Nxd3 17. cxd3 Qb3 18. d4 Qb4 19. e5 Nh7 20. Nd5 Qxd2 21. Nxe7+ Kh8
22. Bxd2 Rc2 23. Bc3 dxe5 24. dxe5 Re8 25. Nd5 Bxe5 26. Ne3 Re2 27. Bf3 Rxb2 28.
Bxb2 Bxb2 29. Rab1 Bd4 30. Rbd1 Ng5 31. Bg2 Bxe3 32. Rxd7 Bc5 33. h4 Nh7 34.
Rxf7 b6 35. Rd1 Nf8 36. Bc6 Rb8 37. Kg2 h5 38. g4 hxg4 39. h5 gxh5 40. Rh1 Ne6
41. Rxh5+ Kg8 42. Rf6 Rf8 43. Rxe6 Rxf2+ 44. Kg3 Rf1 45. Bd5 Kf8 46. Kxg4 Rg1+
47. Kf5 Bd4 48. Rg6 Rf1+ 49. Ke4 Bf6 50. Rh7 1-0

[Event "Online Olym Top DivD 2021"]
[Site "chess.com INT"]
[Date "2021.09.09"]
[Round "6.1"]
[Board "2"]
[White "Van den Doel, Erik"]
[Black "Barrientos, Sergio E"]
[Result "0-1"]
[WhiteTitle "GM"]
[BlackTitle "GM"]
[WhiteElo "2599"]
[BlackElo "2475"]
[WhiteTeam "Netherlands"]
[BlackTeam "Colombia"]
[WhiteFideId "1003720"]
[BlackFideId "4401824"]
[EventDate "2021.09.08"]
[EventType "team"]

1. e4 c6 2. d4 d5 3. exd5 cxd5 4. c3 Nc6 5. Bf4 g6 6. Nd2 Bg7 7. Ngf3 Nh6 8. Bb5
Bd7 9. O-O O-O 10. Re1 Nf5 11. Bd3 Re8 12. h3 a6 13. a4 Qb6 14. b4 Rac8 15. Nb3
Nd6 16. Nc5 Nb8 17. Qb3 Bc6 18. b5 axb5 19. axb5 Bd7 20. Ne5 Bf5 21. Bxf5 Nxf5
22. Qxd5 Bxe5 23. Rxe5 Qxb5 24. Rxf5 gxf5 25. Qxf5 Rc6 26. Rb1 Qe2 27. Ne4 Rg6
28. Bxb8 Rxb8 29. Qe5 Re8 30. d5 b6 31. Qd4 Qf3 32. Ng3 Qf6 33. Qe3 Rc8 34. Ne4
Qe5 35. Qd3 f5 36. Ng3 Rxc3 37. Qxf5 Qxf5 38. Nxf5 Kf7 39. d6 exd6 40. Rxb6 Rd3
41. Rb7+ Ke6 42. Ne3 h6 43. Kf1 Ra3 44. g4 Ra2 45. Kg2 Rf6 46. Nf5 Ke5 47. Kg3
Kd5 48. f3 Kc4 49. Rc7+ Kb5 50. Rb7+ Kc6 51. Rh7 d5 52. h4 Kc5 53. Nxh6 d4 54.
Nf5 d3 55. Rd7 Kc4 56. h5 d2 57. h6 Kc3 58. h7 Rf8 59. Ne3 Ra1 60. Kf2 Rh1 61.
Rc7+ Kd3 62. Rd7+ Kc3 63. Rc7+ Kd3 64. g5 Rh2+ 65. Ng2 Rd8 66. g6 d1=Q 67. g7
Qe2+ 68. Kg1 Qxg2# 0-1

[Event "Online Olym Top DivD 2021"]
[Site "chess.com INT"]
[Date "2021.09.09"]
[Round "6.1"]
[Board "3"]
[White "Castrillon Gomez, Melissa"]
[Black "Peng, Zhaoqin"]
[Result "0-1"]
[WhiteTitle "WIM"]
[BlackTitle "GM"]
[WhiteElo "2212"]
[BlackElo "2359"]
[WhiteTeam "Colombia"]
[BlackTeam "Netherlands"]
[WhiteFideId "4402413"]
[BlackFideId "1004786"]
[EventDate "2021.09.08"]
[EventType "team"]

1. d4 Nf6 2. c4 e6 3. Nf3 Bb4+ 4. Nbd2 d5 5. e3 O-O 6. a3 Be7 7. Bd3 b6 8. e4 c5
9. e5 Ne8 10. O-O Nc6 11. dxc5 bxc5 12. Re1 Nc7 13. Nf1 dxc4 14. Bxc4 Qxd1 15.
Rxd1 Na5 16. Ba2 Rb8 17. Ng3 Ba6 18. h3 Rfd8 19. Bg5 Kf8 20. Rxd8+ Rxd8 21.
Bxe7+ Kxe7 22. Ne4 c4 23. Rc1 Nd5 24. Nc5 Bb5 25. a4 Rc8 26. Nxe6 Bxa4 27. Ned4
g6 28. Ng5 Nb4 29. Bxc4 Rxc4 30. Rxc4 Nxc4 31. b3 Nc6 32. Ngf3 Nxd4 33. Nxd4
Bxb3 34. Nxb3 Nxe5 35. Kf1 Kd6 36. Ke2 Kd5 37. Kd2 Kc4 38. Kc2 Nc6 39. Nd2+ Kd4
40. Nf3+ Kc4 41. Ng5 a5 42. Nxf7 a4 43. Kb2 Kb4 44. f4 a3+ 45. Ka2 Ka4 46. Ne5
Nb4+ 47. Ka1 Kb3 0-1

[Event "Online Olym Top DivD 2021"]
[Site "chess.com INT"]
[Date "2021.09.09"]
[Round "6.1"]
[Board "4"]
[White "Ratsma, Rosa"]
[Black "Chirivi C, Jenny Astrid"]
[Result "1-0"]
[WhiteTitle "WIM"]
[BlackTitle "WIM"]
[WhiteElo "2306"]
[BlackElo "2124"]
[WhiteTeam "Netherlands"]
[BlackTeam "Colombia"]
[WhiteFideId "1033662"]
[BlackFideId "4403061"]
[EventDate "2021.09.08"]
[EventType "team"]

1. e4 c5 2. Nf3 e6 3. d4 cxd4 4. Nxd4 a6 5. Bd3 Nf6 6. O-O Qc7 7. Qe2 d6 8. c4
g6 9. Nc3 Bg7 10. Rd1 O-O 11. Be3 Nc6 12. Rac1 Nd7 13. Bb1 b6 14. Nxc6 Qxc6 15.
Qd2 Ne5 16. b3 Rd8 17. h3 f6 18. f4 Nf7 19. a4 Rb8 20. Qf2 Qc7 21. h4 f5 22. h5
Nh6 23. Qh4 Ng4 24. Bd4 Bb7 25. Ne2 Ba8 26. hxg6 hxg6 27. Qg5 Qf7 28. exf5 exf5
29. Bxg7 Kxg7 30. Nd4 Nh6 31. Rd3 Rh8 32. Rg3 Kh7 33. Rh3 Kg7 34. Rxh6 Rxh6 35.
Nxf5+ Kf8 36. Qxh6+ Ke8 37. Nxd6+ 1-0

[Event "Online Olym Top DivD 2021"]
[Site "chess.com INT"]
[Date "2021.09.09"]
[Round "6.1"]
[Board "5"]
[White "Cardoso Cardoso, Jose Gabriel"]
[Black "Van Dael, Siem"]
[Result "1/2-1/2"]
[WhiteTitle "FM"]
[BlackTitle "FM"]
[WhiteElo "2428"]
[BlackElo "2370"]
[WhiteTeam "Colombia"]
[BlackTeam "Netherlands"]
[WhiteFideId "4430492"]
[BlackFideId "1049771"]
[EventDate "2021.09.08"]
[EventType "team"]

1. Nf3 Nf6 2. c4 g6 3. Nc3 Bg7 4. e4 d6 5. d4 O-O 6. h3 e5 7. d5 a5 8. g4 Na6 9.
Be3 h5 10. Bg5 hxg4 11. Nd2 Qd7 12. Be3 Nc5 13. Qc2 Qe7 14. O-O-O Nh5 15. hxg4
Bxg4 16. Be2 Bxe2 17. Nxe2 a4 18. Rxh5 gxh5 19. Ng3 f5 20. Nxf5 Rxf5 21. exf5 e4
22. Rg1 Nd3+ 23. Kb1 Kh7 24. f3 Nb4 25. Qxe4 Qf6 26. Rxg7+ Qxg7 27. a3 Na6 28.
Qh4 Qf7 29. Ne4 Qxf5 30. Qe7+ Kg6 31. Bd4 Rg8 32. Ka2 Nc5 33. Bxc5 dxc5 34. Nxc5
Rg7 35. Qe8+ Qf7 36. Qe4+ Qf5 37. Qd4 Qxf3 38. Nxa4 Qg4 39. Qd3+ Qf5 40. Qd4 Rf7
41. Nc3 Qf4 42. Qd3+ Kh6 43. c5 h4 44. Qh3 Qg3 45. Qe6+ Qg6 46. Qe8 Rf6 47. Qh8+
Kg5 48. Qc8 Rf7 49. d6 cxd6 50. cxd6 Qf5 51. Qg8+ Kf4 52. Qe8 h3 53. Qe2 Kg5 54.
Ne4+ Kg6 55. Nc3 Qf4 56. Qe6+ Rf6 57. Qg8+ Kh5 58. d7 Rd6 59. d8=Q Rxd8 60. Qxd8
Qc4+ 61. Kb1 Qf1+ 62. Kc2 Qg2+ 63. Kb3 h2 64. Qh8+ Kg4 65. Qg7+ Kh3 66. Qh6+ Kg3
67. Qg5+ Kf2 68. Qd2+ Kf1 69. Qd1+ Kf2 70. Qe2+ Kg1 71. Qe1+ Qf1 72. Ne2+ Kg2
73. Qg3+ Kh1 74. Qg4 Qg2 75. Ng3+ Kg1 76. Qd1+ Kf2 77. Nh1+ Ke3 78. Qe1+ Kf3 79.
Kc3 Qg7+ 80. Kc4 Qc7+ 81. Kb3 Qb6+ 82. Kc2 Qc5+ 83. Kd3 Qd5+ 84. Kc2 Qc5+ 85.
Kd1 Qd5+ 86. Kc1 Qc5+ 87. Kd1 Qd5+ 88. Qd2 Qb3+ 89. Ke1 Qe6+ 90. Kd1 Qb3+ 91.
Ke1 Qe6+ 92. Kf1 Qc4+ 93. Ke1 Qe6+ 1/2-1/2